World's Best Goalkeeper Award - Statistics

General Stats
  • This quiz has been taken 253 times
    38 since last reset
  • The average score is 81 of 117
Answer Stats
Year Rank Country Player % Correct
2023 1st Brazil Ederson
97%
2001 3rd Italy Gianluigi Buffon
97%
2003 1st Italy Gianluigi Buffon
97%
2004 1st Italy Gianluigi Buffon
97%
2005 3rd Italy Gianluigi Buffon
97%
2006 1st Italy Gianluigi Buffon
97%
2007 1st Italy Gianluigi Buffon
97%
2008 2nd Italy Gianluigi Buffon
97%
2009 2nd Italy Gianluigi Buffon
97%
2012 2nd Italy Gianluigi Buffon
97%
2013 2nd Italy Gianluigi Buffon
97%
2015 2nd Italy Gianluigi Buffon
97%
2016 2nd Italy Gianluigi Buffon
97%
2017 1st Italy Gianluigi Buffon
97%
2018 3rd Italy Gianluigi Buffon
97%
2021 1st Italy Gianluigi Donnarumma
97%
2025 1st Italy Gianluigi Donnarumma
97%
2002 2nd Spain Iker Casillas
97%
2003 2nd Spain Iker Casillas
97%
2007 3rd Spain Iker Casillas
97%
2008 1st Spain Iker Casillas
97%
2009 1st Spain Iker Casillas
97%
2010 1st Spain Iker Casillas
97%
2011 1st Spain Iker Casillas
97%
2012 1st Spain Iker Casillas
97%
2011 2nd Germany Manuel Neuer
97%
2013 1st Germany Manuel Neuer
97%
2014 1st Germany Manuel Neuer
97%
2015 1st Germany Manuel Neuer
97%
2016 1st Germany Manuel Neuer
97%
2017 2nd Germany Manuel Neuer
97%
2020 1st Germany Manuel Neuer
97%
2021 2nd Germany Manuel Neuer
97%
2004 2nd Czech Republic Petr Čech
97%
2005 1st Czech Republic Petr Čech
97%
2006 3rd Czech Republic Petr Čech
97%
2007 2nd Czech Republic Petr Čech
97%
2010 3rd Czech Republic Petr Čech
97%
2012 3rd Czech Republic Petr Čech
97%
2013 3rd Czech Republic Petr Čech
97%
2014 2nd Belgium Thibaut Courtois
97%
2018 1st Belgium Thibaut Courtois
97%
2022 1st Belgium Thibaut Courtois
97%
2023 3rd Belgium Thibaut Courtois
97%
2025 2nd Belgium Thibaut Courtois
97%
2019 3rd Slovenia Jan Oblak
94%
2020 2nd Slovenia Jan Oblak
94%
2019 1st Brazil Alisson
90%
2020 3rd Brazil Alisson
90%
1998 3rd Netherlands Edwin van der Sar
87%
2008 3rd Netherlands Edwin van der Sar
87%
2022 2nd Argentina Emiliano Martínez
87%
2023 2nd Argentina Emiliano Martínez
87%
2024 1st Argentina Emiliano Martínez
87%
2019 2nd Germany Marc-André ter Stegen
87%
1999 1st Germany Oliver Kahn
87%
2000 2nd Germany Oliver Kahn
87%
2001 1st Germany Oliver Kahn
87%
2002 1st Germany Oliver Kahn
87%
2003 3rd Germany Oliver Kahn
87%
2014 3rd Costa Rica Keylor Navas
84%
2017 3rd Costa Rica Keylor Navas
84%
1992 1st Denmark Peter Schmeichel
84%
1993 1st Denmark Peter Schmeichel
84%
1995 2nd Denmark Peter Schmeichel
84%
1997 3rd Denmark Peter Schmeichel
84%
1999 2nd Denmark Peter Schmeichel
84%
2004 3rd Brazil Dida
77%
2005 2nd Brazil Dida
77%
2021 3rd Senegal Édouard Mendy
77%
2018 2nd France Hugo Lloris
74%
2025 3rd Switzerland Yann Sommer
74%
2022 3rd Morocco Yassine Bounou
74%
1998 2nd France Fabien Barthez
68%
2000 1st France Fabien Barthez
68%
2015 3rd Chile Claudio Bravo
61%
2006 2nd Germany Jens Lehmann
58%
2016 3rd Portugal Rui Patrício
58%
2011 3rd Spain Víctor Valdés
58%
1996 2nd England David Seaman
55%
2009 3rd Brazil Júlio César
55%
2010 2nd Brazil Júlio César
55%
2024 2nd Spain Unai Simón
55%
2024 3rd Georgia Giorgi Mamardashvili
52%
1995 1st Paraguay José Luis Chilavert
45%
1996 3rd Paraguay José Luis Chilavert
45%
1997 1st Paraguay José Luis Chilavert
45%
1998 1st Paraguay José Luis Chilavert
45%
1999 3rd Paraguay José Luis Chilavert
45%
1989 2nd Belgium Michel Preud'homme
42%
1990 2nd Belgium Michel Preud'homme
42%
1994 1st Belgium Michel Preud'homme
42%
2000 3rd Italy Francesco Toldo
35%
1991 3rd Brazil Cláudio Taffarel
29%
1994 3rd Brazil Cláudio Taffarel
29%
1987 1st Belgium Jean-Marie Pfaff
29%
1992 2nd Spain Andoni Zubizarreta
23%
1997 2nd Italy Angelo Peruzzi
23%
1996 1st Germany Andreas Köpke
19%
1987 3rd Italy Walter Zenga
19%
1988 3rd Italy Walter Zenga
19%
1989 1st Italy Walter Zenga
19%
1990 1st Italy Walter Zenga
19%
1991 1st Italy Walter Zenga
19%
1993 3rd Mexico Jorge Campos
16%
2002 3rd Turkey Rüştü Reçber
16%
1988 2nd Netherlands Hans van Breukelen
10%
1992 3rd Netherlands Hans van Breukelen
10%
1991 2nd Argentina Sergio Goycochea
10%
1993 2nd Argentina Sergio Goycochea
10%
1994 2nd Sweden Thomas Ravelli
10%
1995 3rd Sweden Thomas Ravelli
10%
2001 2nd Colombia Oscar Córdoba
6%
1987 2nd Soviet Union Rinat Dasayev
3%
1988 1st Soviet Union Rinat Dasayev
3%
1989 3rd Soviet Union Rinat Dasayev
3%
1990 3rd Costa Rica Gabelo Conejo
0%
No matching quizzes found
Score Distribution
Percent of People with Each Score
Percentile by Number Answered
Your Score History
You have not taken this quiz since the last reset